Countries in FIFA World Cup 2010 - Statistics

General Stats
  • This quiz has been taken 58 times
  • The average score is 28 of 32
Answer Stats
Rank Country % Correct
6th Place Brazil
98%
3rd Place Germany
98%
9th Place Japan
98%
Runners-Up (2nd Place) Netherlands
98%
Champions (1st Place) Spain
98%
14th Place Mexico
96%
5th Place Argentina
93%
13th Place England
93%
15th Place South Korea
93%
10th Place Chile
91%
29th Place France
91%
11th Place Portugal
91%
Host (20th Place) South Africa
91%
12th Place United States
91%
4th Place Uruguay
91%
21st Place Australia
89%
26th Place Italy
89%
8th Place Paraguay
89%
7th Place Ghana
84%
19th Place Switzerland
84%
24th Place Denmark
82%
25th Place Greece
82%
31st Place Cameroon
80%
32nd Place North Korea
80%
23rd Place Serbia
80%
28th Place Algeria
78%
22nd Place New Zealand
78%
17th Place Ivory Coast
76%
16th Place Slovakia
76%
30th Place Honduras
73%
27th Place Nigeria
71%
18th Place Slovenia
71%
No matching quizzes found
Score Distribution
Percent of People with Each Score
Percentile by Number Answered
Your Score History
You have not taken this quiz